Techniques of improving urban conditions by restraint of road traffic
Gespeichert in:
| Körperschaft: | |
|---|---|
| Format: | Buch |
| Sprache: | Undetermined |
| Veröffentlicht: |
Paris
Organisation for Economic Co-operation and Development
1973
|
| Schlagworte: | |
| Tags: |
Tag hinzufügen
Keine Tags, Fügen Sie den ersten Tag hinzu!
|
| Thư viện lưu trữ: | Trung tâm Học liệu Trường Đại học Cần Thơ |
|---|
| LEADER | 00537nam a2200181Ia 4500 | ||
|---|---|---|---|
| 001 | CTU_84437 | ||
| 008 | 210402s9999 xx 000 0 und d | ||
| 082 | |a 388.4 | ||
| 082 | |b O.28 | ||
| 110 | |a OECD | ||
| 245 | 0 | |a Techniques of improving urban conditions by restraint of road traffic | |
| 245 | 0 | |c OECD | |
| 260 | |a Paris | ||
| 260 | |b Organisation for Economic Co-operation and Development | ||
| 260 | |c 1973 | ||
| 650 | |a Urban transportation | ||
| 904 | |i QHieu(sửa) | ||
| 980 | |a Trung tâm Học liệu Trường Đại học Cần Thơ | ||